000 00687nam a2200241Ia 4500
003 OSt
005 20221005085424.0
006 a|||||r|||| 00| 0
007 ta
008 221004b |||||||| |||| 00| 0 eng d
024 _a68756
037 _cTextual
040 _aCRL
_cCRL
_beng
041 _2eng
_aeng
082 _aY:1.1(Y:4)k, M9
100 _aKurian George Thomas
245 0 _aGlossary of the third world
_b words for understanding third world people and culture
260 _aNew York
_bFacts on file
_c1989
300 _a300p.
_ccm.
650 _aSOCIOLOGY
942 _hY:1.1(Y:4)k, M9
_cTEXL
_2cc
999 _c994212
_d994212